Exploración clínica / (Record no. 113684)

MARC details
000 -LEADER
campo de control de longitud fija 00621nam a2200205 4500
001 - NÚMERO DE CONTROL
campo de control 113684
003 - IDENTIFICADOR DE NÚMERO DE CONTROL
campo de control ES-MaACL
005 - FECHA Y HORA DE LA ÚLTIMA TRANSACCIÓN
campo de control 20230906185957.0
007 - CAMPO FIJO DE DESCRIPCIÓN FÍSICA--INFORMACIÓN GENERAL
campo de control de longitud fija t|
008 - DATOS DE LONGITUD FIJA--INFORMACIÓN GENERAL
campo de control de longitud fija 061121s1962 sp r ||||1| spa d
080 ## - NÚMERO DE LA CLASIFICACIÓN DECIMAL UNIVERSAL
Número de la Clasificación Decimal Universal 616-071
100 1# - ENTRADA PRINCIPAL--NOMBRE DE PERSONA
Nombre de persona Noguer Molins, Luis.
9 (RLIN) 85863
245 10 - MENCIÓN DEL TÍTULO
Título Exploración clínica /
Mención de responsabilidad, etc. Luis Noguer Molins ; prólogo de Martín Vallejo.
250 ## - MENCION DE EDICION
Mención de edición 15ª ed. notablemente aum.
260 ## - PUBLICACIÓN, DISTRIBUCIÓN, ETC.
Lugar de publicación, distribución, etc. Barcelona :
Nombre del editor, distribuidor, etc. Científico Médica,
Fecha de publicación, distribución, etc. 1962.
300 ## - DESCRIPCIÓN FÍSICA
Extensión 518 p. :
Otras características físicas il. ;
Dimensiones 18 cm.
650 #4 - PUNTO DE ACCESO ADICIONAL DE MATERIA--TÉRMINO DE MATERIA
Término de materia o nombre geográfico como elemento de entrada Exploración clínica.
9 (RLIN) 144732
700 1# - ENTRADA AGREGADA--NOMBRE PERSONAL
Nombre de persona Vallejo, Martín.
9 (RLIN) 112844
852 4# - LOCALIZACIÓN
Ubicación ES-MaACL
Número de control de estantería C-22747
Holdings
Estatus retirado Estado de pérdida Estado de daño No para préstamo Biblioteca de origen Biblioteca actual Ubicación en estantería Fecha de adquisición Fuente de adquisición Total de préstamos Signatura topográfica completa Código de barras Visto por última vez Precio de reemplazo Tipo de ítem Koha
        Biblioteca del Ateneo de Madrid Biblioteca del Ateneo de Madrid Galería 17/01/2008     C-22747 1118563 23/02/2023 23/02/2023 Libro impreso